Driver expectancy checklist : a design review tool developed in a response to the research findings on the Multi-state Pooled Funds Research Project entitled "Diagnostic Studies of Highway Visual Communication Systems".

Bibliographic Details
Corporate Authors: American Association of State Highway Officials, Multi-state Pooled Funds Research Project
Format: Book
Language:English
Published: Washington, D.C. : The Association, 1972.
Subjects:

MARC

Tag First Indicator Second Indicator Subfields
LEADER 00000cam a2200000 4500
001 in00000071544
005 20151008062256.0
008 760309s1972 wau 00000 eng d
035 |a (OCoLC)02039208 
035 |9 AAJ9882AM 
040 |a MYG  |c MYG  |d m.c.  |d TXA  |d UtOrBLW 
049 |a TXAM  |c 1 [387423], 2 [A10981386] 
090 |a TE175  |b .A51223 
245 0 0 |a Driver expectancy checklist :  |b a design review tool developed in a response to the research findings on the Multi-state Pooled Funds Research Project entitled "Diagnostic Studies of Highway Visual Communication Systems". 
264 1 |a Washington, D.C. :  |b The Association,  |c 1972. 
300 |a 12 pages ;  |c 24 cm. 
336 |a text  |b txt  |2 rdacontent 
337 |a unmediated  |b n  |2 rdamedia 
338 |a volume  |b nc  |2 rdacarrier 
650 0 |a Roads  |x Design and construction. 
650 0 |a Automobile drivers. 
710 2 |a American Association of State Highway Officials. 
710 2 |a Multi-state Pooled Funds Research Project. 
740 |a Diagnostic studies of highway visual communication systems. 
999 |a MARS 
999 f f |s 04c061a3-db88-3ac0-9dfa-cbc32228a3e0  |i 204b75c2-c8c4-309b-b139-9c2d1c75d1c7  |t 0 
952 f f |p ric  |a Texas A&M University  |b Rellis Campus  |c Joint Library Facility  |d Remote Storage  |t 0  |e TE175 .A51223  |h Library of Congress classification  |i unmediated -- volume  |m A14810981386 
998 f f |a TE175 .A51223  |t 0  |l Remote Storage